• 首页
  • 本馆介绍
  • 公告通知
  • 最新文献
  • 馆藏检索
  • 电子资源
  • 读者导购
  • 参考咨询
  • 我的图书馆
  • 登录
  • 详细信息显示
  • 放入我的书架
  • 预约/预借图书
  • 作者相关作品
  • 分类相关作品
  • 丛书相关作品
  • 出版社相关作品

书目信息

  • 表格格式
  • 工作单格式
  • 卡片格式
题名:
声律启蒙·笠翁对韵
    
 
作者: 车万育 , 李渔 著 ;诸世能 , 朱远华 注释
分册:  
出版信息: 昆明   云南大学出版社  2007
页数: 215页
开本: 17cm
丛书名:
单 册:
中图分类: I207.21 , H194.1
科图分类:
主题词: 诗词格律--基本知识 , 汉语--语言教学
电子资源:
ISBN: 978-7-81112-314-2
000 00886nam0 2200289 450
001 1546125849
005 20150119125558.93
010    @a978-7-81112-314-2@dCNY8.50
100    @a20070104d2007 cemy0chiy50 ea
101 0  @achi
102    @aCN@b530000
105    @aa z 000yy
200 1  @a声律启蒙·笠翁对韵@9sheng lv qi meng · li weng dui yun@f(清)车万育,(清)李渔著@g诸世能,朱远华注释
210    @a昆明@c云南大学出版社@d2007
215    @a215页@d17cm
300    @a中国传统文化经典读本 大字 拼音 双色 配图 诵读全本
605    @a《笠翁对韵》@x注释
606 0  @a诗词格律@x基本知识
606 0  @a汉语@x语言教学
690    @aI207.21@v5
690    @aH194.1@v4
701  0 @a车万育@9che wan yu@4著
701  0 @a李渔@9li yu@4著
702  0 @a诸世能@9zhu shi neng@4注释
702  0 @a朱远华@9zhu yuan hua@4注释
801  0 @aCN@bTSSF@c20150119
905    @aZUCC@dH194.1@eJY69
    
    声律启蒙·笠翁对韵/(清)车万育,(清)李渔著/诸世能,朱远华注释.-昆明:云南大学出版社,2007
    215页;17cm
    中国传统文化经典读本 大字 拼音 双色 配图 诵读全本
    
    ISBN 978-7-81112-314-2:CNY8.50
    
●
相关链接 在E读中查询图书 在五车中查询图书 在当当中查询图书 在豆瓣中查询图书


正题名:声律启蒙·笠翁对韵     索取号:H194.1/JY69         预约/预借

序号 登录号 条形码 馆藏地/架位号 状态 备注
1 7848684   278486844   学院路分馆/ [索取号:H194.1/JY69] 在馆    
2 7848685   278486853   学院路分馆/ [索取号:H194.1/JY69] 在馆    
唐山师范学院图书馆 欢迎您!
大连网信软件有限公司© 版权所有